| 000 | 00682nam a2200229 a 4500 | ||
|---|---|---|---|
| 008 | |||
| 020 | _a0387913343 (hbk.) | ||
| 049 | _aMAIN | ||
| 090 | _aTA645SPE | ||
| 100 | 1 | _aSpencer, W. J. | |
| 245 | 1 | 0 |
_aFundamental structural analysis / _cW.J. Spencer. |
| 260 |
_aNew York : _bSpringer-Verlag, _c1988. |
||
| 300 |
_axv, 322 p. : _bill. ; _c25 cm. |
||
| 504 | _aIncludes bibliographical references. | ||
| 500 | _aIncludes index | ||
| 650 | 0 |
_aStructural analysis (Engineering) _xData processing. |
|
| 907 |
_a.b10155661 _b06-04-06 _c01-03-05 |
||
| 003 | |||
| 005 | 20230123133935.0 | ||
| 040 | _cNUST | ||
| 942 |
_cBOOKS _kTA645SPE |
||
| 999 |
_c157246 _d157246 |
||